Privatizácia SPP SDĽ za zákon o osobitnom zdanení prirodzených monopolov

Bibliographic Details
Main Author: Šedivý, Vladimír (Author)
Format: Article
Language:Slovak
ISSN:1335-4051
Subjects:

MARC

LEADER 00000nab a2200000 a 4500
001 vtls000733340
003 SK-MaSNL
005 20260304015610.0
008 180206c2000 xo 0 slo
015 |a SNBRB2000/10-28228 
035 |a CLN000085448 
040 |a SNKBUCL  |b slo  |c SNKBUCL  |e AACR2 
041 0 |a slo 
044 |a xo  |c SK 
080 |a 328.1(437.6):061.3  |2 UDC-MRF-SK2 
100 1 |a Šedivý, Vladimír  |4 aut  |9 311405 
245 1 0 |a Privatizácia SPP  |b SDĽ za zákon o osobitnom zdanení prirodzených monopolov  |c Vladimír Šedivý 
610 1 7 |a Slovensko.  |b Národná rada  |2 snkbucl  |9 165573 
655 7 |a články z novín a časopisov  |2 snkbucl  |9 267496 
773 0 |x 1335-4051  |t Pravda  |g Roč. 10, č. 212 (14.9.2000), s. 2 
850 |a Slovenská národná knižnica v Martine 
852 |a SNK  |b KIS3GCP 
958 |a RBX 
999 |c 2592549  |d 2594479